| 000 | 01021cab a2200229 4500 | ||
|---|---|---|---|
| 001 | ABS67583 | ||
| 008 | 040326n2004 000 0 eng u | ||
| 035 | _a(Sirsi) u125610 | ||
| 100 | _aHodgkinson, P. | ||
| 245 | _aScary stuff | ||
| 260 | _c2004 | ||
| 490 |
_aBuilding _v269(8322) 5 March 2004, 33(1) |
||
| 520 | _aDraws attention to the Competition Act 1999 and the Enterprise Act 2002 and their effects on how clients are treated by suppliers. Mentions that this law specifies customs and practices that may constitute a breach of the law. These may extend well down the supply chain including the swapping of information between suppliers which could be deemed as being anti-competitive. The law may present a direct legislative challenge to the practices of Latham and Egan. | ||
| 590 | _aABS | ||
| 650 | _aCOMPETITION ACT 1999 | ||
| 650 | _aENTERPRISE ACT 2002 | ||
| 650 | _aPARTNERING | ||
| 650 | _aLATHAM REFORMS | ||
| 650 | _aEGAN REFORMS | ||
| 690 | _aBUILDING AND CONSTRUCTION-LAW | ||
| 942 | _n0 | ||
| 999 |
_c74308 _d74308 |
||